The royal atlas of modern geography (Record no. 114670)

MARC details
000 -LEADER
fixed length control field 00730cam a22001815a 4500
001 - CONTROL NUMBER
control field L157243
008 - FIXED-LENGTH DATA ELEMENTS--GENERAL INFORMATION
fixed length control field 121004s1868 xxk f 000 0 eng d
035 ## - SYSTEM CONTROL NUMBER
System control number (Sirsi) u157243
041 0# - LANGUAGE CODE
Language code of text/sound track or separate title eng
100 1# - MAIN ENTRY--PERSONAL NAME
Personal name Johnston, Alexander Keith
Dates associated with a name 1804-1871
245 04 - TITLE STATEMENT
Title The royal atlas of modern geography
Remainder of title exhibiting, in a series of entirely original and authentic maps, the present condition of geographical discovery and research in the several countries, empires and states of the world
260 ## - PUBLICATION, DISTRIBUTION, ETC.
Place of publication, distribution, etc. Edinburgh and London
Name of publisher, distributor, etc. William Blackwood and Sons
Date of publication, distribution, etc. MDCCCLXVIII [1868]
300 ## - PHYSICAL DESCRIPTION
Extent 1 v.
Dimensions 50 cm.
583 ## - ACTION NOTE
Action Condition reviewed
Time/date of action 20121002
Status condition level 2
651 #4 - SUBJECT ADDED ENTRY--GEOGRAPHIC NAME
Geographic name International
690 ## - LOCAL SUBJECT ADDED ENTRY--TOPICAL TERM (OCLC, RLIN)
Topical term or geographic name as entry element Geomatics
9 (RLIN) 6242
942 ## - ADDED ENTRY ELEMENTS (KOHA)
Suppress in OPAC 0
Holdings
Withdrawn status Lost status Source of classification or shelving scheme Damaged status Not for loan Home library Current library Shelving location Date acquired Total Checkouts Full call number Barcode Date last seen Copy number Price effective from Koha item type
    Dewey Decimal Classification     Historic collection Historic collection Historic collection 04/10/2012   ATLAS 1868 JOHNSTON 30077051 06/08/2019 1 06/08/2019 Book